Catálogo

Alternative scriptwriting : (Registro nro. 70337)

Detalles MARC
000 -LEADER
fixed length control field 01203nam a2200337 i 4500
001 - CONTROL NUMBER
control field 70337
003 - CONTROL NUMBER IDENTIFIER
control field Mx-PuUPA
005 - DATE AND TIME OF LATEST TRANSACTION
control field 20230913105951.0
008 - FIXED-LENGTH DATA ELEMENTS--GENERAL INFORMATION
fixed length control field 230913s2023 enk |||fr|||| 00| 0 eng d
020 ## - INTERNATIONAL STANDARD BOOK NUMBER
International Standard Book Number 9781032150567
Qualifying information rústica
040 ## - CATALOGING SOURCE
Original cataloging agency Mx-PuUPA
Language of cataloging spa
Transcribing agency Mx-PuUPA
Modifying agency Mx-PuUPA
Description conventions rda
041 0# - LANGUAGE CODE
Language code of text/sound track or separate title eng
100 1# - MAIN ENTRY--PERSONAL NAME
Personal name Dancyger, Ken,
9 (RLIN) 14835
Relator term autor
245 10 - TITLE STATEMENT
Title Alternative scriptwriting :
Remainder of title contemporary storytelling for the screen /
Statement of responsibility, etc. Ken Dancyger, Jessie Keyt, and Jeff Rush
250 ## - EDITION STATEMENT
Edition statement Sixth edition
264 #1 - PRODUCTION, PUBLICATION, DISTRIBUTION, MANUFACTURE, AND COPYRIGHT NOTICE
Place of production, publication, distribution, manufacture Oxon, OX :
Name of producer, publisher, distributor, manufacturer Routledge,
Date of production, publication, distribution, manufacture, or copyright notice ©2023
300 ## - PHYSICAL DESCRIPTION
Extent xiv, 427 páginas ;
Dimensions 24 cm
336 ## - CONTENT TYPE
Fuente rdacontent
Content type term texto
Content type code txt
337 ## - MEDIA TYPE
Source rdamedia
Media type term sin medio
Media type code n
338 ## - CARRIER TYPE
Source rdacarrier
Carrier type term volumen
Carrier type code nc
650 #7 - SUBJECT ADDED ENTRY--TOPICAL TERM
Source of heading or term armarc
Topical term or geographic name entry element Escritura creativa
650 #7 - SUBJECT ADDED ENTRY--TOPICAL TERM
Source of heading or term armarc
Topical term or geographic name entry element Arte de escribir para el cine
650 #7 - SUBJECT ADDED ENTRY--TOPICAL TERM
Source of heading or term armarc
Topical term or geographic name entry element Cinematografía
General subdivision Técnicas
650 #7 - SUBJECT ADDED ENTRY--TOPICAL TERM
Source of heading or term armarc
Topical term or geographic name entry element Autoría cinematográfica
700 1# - ADDED ENTRY--PERSONAL NAME
Personal name Keyt, Jessie,
Relator term autor
700 1# - ADDED ENTRY--PERSONAL NAME
Personal name Rush, Jeff,
Relator term autor
942 ## - ADDED ENTRY ELEMENTS (KOHA)
Source of classification or shelving scheme Dewey Decimal Classification
Koha item type Libro
Classification part 808.23
Item part D167
Existencias
Withdrawn status Lost status Source of classification or shelving scheme Damaged status Not for loan Collection code Home library Current library Shelving location Date acquired Source of acquisition Cost, normal purchase price Total Checkouts Full call number Barcode Date last seen Cost, replacement price Price effective from Koha item type
    Dewey Decimal Classification     General Biblioteca Karol Wojtyla Biblioteca Karol Wojtyla Sala general 27/06/2023 2 883.50   808.23 D167 2023 103783 05/01/2026 883.50 27/06/2023 Libro